000 01075cam a2200289 a 4500
001 9365
003 BD-RjUL
005 20211208234750.0
008 200114s1974 au b 100 0 eng
035 _a(BD-RjUL)
035 _a197169
040 _aLC
_beng
_cLC
_dANL:NR
041 _aeng
082 0 4 _a539.762
_bPHY 1974
111 2 _aSymposium on Physics and Chemistry of Fission,
_b3rd,
_cRochester, N.Y.,
_d1973.
_9213103
245 1 0 _aPhysics and chemistry of fission 1973 :
_bProceedings of the third IAEA Symposium on the Physics and Chemistry of Fission/
_cheld by the International Atomic Energy Agency in Rochester, New York, 13-17 Aug. 1973.
_pVOL . II
260 _aVienna,
_bInternational Atomic Energy Agency,
_c1974.
300 _a2 v. 525 p.:
_c24 cm.
490 1 _aProceedings series
500 _a"STI/PUB/347."
504 _aIncludes bibliographical references.
505 _aVol. 1-- V. 2--
650 0 _aNuclear fission
_xCongresses.
_929019
710 2 _aInternational Atomic Energy Agency.
_920640
942 _2ddc
_cBK
999 _c9365
_d9365